| 000 | 01205nam a22003014i 4500 | ||
|---|---|---|---|
| 999 |
_c7922 _d7922 |
||
| 001 | 991060888549406706 | ||
| 003 | OSt | ||
| 005 | 20240717105039.0 | ||
| 007 | cr#||||||||||| | ||
| 008 | 220708s202206 spc||||fom||||0|| 0 cat|c | ||
| 020 | _a9788413650159 | ||
| 040 |
_aES-TaURV _bcat _erda _cCDMR |
||
| 100 | 1 | _aRoselló Alfonso, Meritxell, | |
| 245 | 1 | 0 |
_aAcció comunicativa i fet religiós a la premsa escrita [recurs electrònic] / _cMeritxell Roselló Alfonso ; tesi doctoral dirigida pel doctor Robert Roda i Aixendri, Departament de Filologies Romàniques |
| 264 | 1 |
_aTarragona : _bPublicacions URV, _c2022 |
|
| 300 | _a1 recurs en línea (475 pàgines) | ||
| 490 | 1 |
_aCum laude ; _v16 |
|
| 502 |
_gTesi doctoral _cUniversitat Rovira i Virgili _d2019 |
||
| 506 | 0 |
_fUnrestricted online access _2star |
|
| 588 | _aDescripció del recurs : 30 de novembre de 2022 | ||
| 650 | 0 |
_aReligió i premsa _zEspanya _xTesis. _2lemac _93101 |
|
| 650 | 7 |
_aEsglésia i premsa _zEspanya _xTesis. _2lemac |
|
| 830 | 0 |
_aCum laude (Universitat Rovira i Virgili) ; _v16 |
|
| 856 | 4 | 0 |
_zAccés lliure _uhttp://llibres.urv.cat/index.php/purv/catalog/book/494 |
| 908 | _aURV | ||
| 940 | _aURV | ||
| 942 |
_2udc _cLLIBRE-E |
||